Internet of Things as an Useful Business Tool
Pre obchodného manažéra je dôležité, aby sa sústredil a zostal v strehu kvôli aktívnej konkurencii. Príspevok navrhuje implementáciu niekoľkých druhov internetu vecí do podniku. Internet vecí je opísaný teoreticky a tiež sú opísané spôsoby využitia internetu vecí ako nástroja na zvýšenie konkurencie...
Salvato in:
| Autore principale: | |
|---|---|
| Natura: | Capitolo di libro |
| Lingua: | inglese |
| Soggetti: | |
| Tags: |
Nessun Tag, puoi essere il primo ad aggiungerne!!
|
MARC
| LEADER | 00000naa$a2200000$$$4500 | ||
|---|---|---|---|
| 001 | 0298719 | ||
| 005 | 20240502074531.7 | ||
| 041 | 0 | |a eng | |
| 044 | |a SK | ||
| 245 | 1 | 0 | |a Internet of Things as an Useful Business Tool |c Peter Zahradník |
| 520 | |a Pre obchodného manažéra je dôležité, aby sa sústredil a zostal v strehu kvôli aktívnej konkurencii. Príspevok navrhuje implementáciu niekoľkých druhov internetu vecí do podniku. Internet vecí je opísaný teoreticky a tiež sú opísané spôsoby využitia internetu vecí ako nástroja na zvýšenie konkurencieschopnosti podniku. V príspevku je stanovená hypotéza, ktorá je testovaná štatistickým overením premenných dotazníka pomocou binomickej logistickej regresie. | ||
| 610 | 2 | 0 | |a riadenie podnikové |
| 610 | 2 | 0 | |a manažment strategický |
| 610 | 2 | 0 | |a nástroje riadenia |
| 610 | 2 | 0 | |a internet vecí |
| 610 | 2 | 0 | |a technológie informačné |
| 610 | 2 | 0 | |a technológie komunikačné |
| 610 | 2 | 0 | |a konkurencieschopnosť |
| 610 | 2 | 0 | |a metódy štatistické |
| 100 | 1 | |a Zahradník, Peter, 1995- | |